000 00298nam a22001097a 4500
008 160618b xxu||||| |||| 00| 0 eng d
100 _931
_aHolland Enterprises
245 _aA Day at the Zoo
_bA Day at the Zoo
260 _aEssar.Holland Enterprises
_c1998
300 _aA Day at the Zoo
942 _2ddc
_cBK
999 _c27
_d27